[Event "SK Münster 2 - SV Erkenschwick 1"]
[Site "NRW-Klasse, Gruppe 2 2016/201"]
[Date "2017.02.12"]
[Round "6.3"]
[White "Erwich, Frank"]
[Black "Mueschenich, Stefan"]
[Result "1/2-1/2"]
[WhiteElo "2307"]
[BlackElo "2078"]
[Annotator "Daniel"]
[PlyCount "86"]
[EventDate "2017.??.??"]
[WhiteTeam "SV Erkenschwick 1"]
[BlackTeam "SK Münster 2"]

1. e4 Nf6 2. e5 Nd5 3. d4 d6 4. Nf3 Bg4 5. Be2 c6 6. O-O Bxf3 7. Bxf3 dxe5 8.
dxe5 e6 9. Nd2 Nd7 10. Re1 Be7 11. g3 Qc7 12. Qe2 O-O 13. Bg2 Rfd8 14. h4 Bc5
15. h5 h6 16. Nf3 Nf8 17. Nh4 Nh7 18. Be4 Kh8 19. c4 Ne7 20. Bc2 Rd7 21. Kg2
Bb4 22. Rh1 Rad8 23. Qe4 Nf8 24. Be3 Bd2 25. Bc5 Qa5 26. Bxe7 Rxe7 $11 27. Nf3
Qb4 28. Rad1 Red7 29. b3 Qe7 30. g4 Bg5 31. Rde1 c5 32. Re2 b6 33. Rh3 f6 34.
Rh1 Qf7 35. a3 Qe7 36. Rhe1 Rb8 37. Bb1 b5 38. cxb5 Rxb5 39. Bc2 Rd8 40. Qc4
Rbb8 41. exf6 Bxf6 42. Bb1 Qb7 43. Re3 Rd4 1/2-1/2

[Event "SK Münster 2 - SV Erkenschwick 1"]
[Site "NRW-Klasse, Gruppe 2 2016/201"]
[Date "2017.02.12"]
[Round "6.4"]
[White "Virnyi, Julius"]
[Black "Langers, Alexander"]
[Result "1-0"]
[WhiteElo "2069"]
[BlackElo "2178"]
[PlyCount "41"]
[EventDate "2017.??.??"]
[WhiteTeam "SK Münster 2"]
[BlackTeam "SV Erkenschwick 1"]

1. d4 f5 2. c4 Nf6 3. Nf3 g6 4. g3 Bg7 5. Bg2 O-O 6. O-O d6 7. Nc3 Nc6 8. d5
Na5 9. b3 Ne4 10. Nxe4 Bxa1 11. Neg5 c5 12. e4 h6 13. Ne6 Bxe6 14. dxe6 fxe4
15. Nh4 g5 16. Bxe4 Bg7 17. Bxg5 hxg5 18. Qh5 Rf6 19. Qh7+ Kf8 20. Ng6+ Rxg6
21. Bxg6 1-0

[Event "SK Münster 2 - SV Erkenschwick 1"]
[Site "NRW-Klasse, Gruppe 2 2016/201"]
[Date "2017.02.12"]
[Round "6.5"]
[White "Homs, Guust"]
[Black "Neuer, Thomas"]
[Result "1/2-1/2"]
[WhiteElo "2138"]
[BlackElo "2081"]
[Annotator "Daniel"]
[PlyCount "41"]
[EventDate "2017.??.??"]
[WhiteTeam "SV Erkenschwick 1"]
[BlackTeam "SK Münster 2"]

1. e4 e6 2. d4 d5 3. Nc3 Nf6 4. Bg5 dxe4 5. Nxe4 Nbd7 6. Nf3 Be7 7. Nxf6+ Bxf6
8. Bxf6 Nxf6 9. c3 O-O 10. Bd3 b6 11. O-O Bb7 12. Qe2 Qd5 13. Qe5 Qd6 $11 14.
Qxd6 cxd6 15. Nd2 Rfd8 16. Rfe1 Kf8 17. f4 g6 18. g3 h5 19. h3 Rab8 20. Kf2 h4
21. gxh4 1/2-1/2

[Event "SK Münster 2 - SV Erkenschwick 1"]
[Site "NRW-Klasse, Gruppe 2 2016/201"]
[Date "2017.02.12"]
[Round "6.6"]
[White "Kubo, Thomas"]
[Black "Krings, Christoph"]
[Result "0-1"]
[WhiteElo "2038"]
[BlackElo "2165"]
[PlyCount "132"]
[EventDate "2017.??.??"]
[WhiteTeam "SK Münster 2"]
[BlackTeam "SV Erkenschwick 1"]

1. Nf3 e6 2. g3 f5 3. c4 Nf6 4. Nc3 Be7 5. Bg2 O-O 6. d3 d6 7. b4 Qe8 8. Qb3
Kh8 9. Bb2 e5 10. Nd2 a5 11. bxa5 Nc6 12. Nb5 Bd8 13. Bc3 Nxa5 14. Qc2 Qe6 15.
a4 c6 16. Na3 d5 17. Nf3 dxc4 18. Nxe5 cxd3 19. Nxd3 Ne4 20. Bb4 Re8 21. O-O
Nb3 22. Rab1 Nd4 23. Qd1 c5 24. Nxc5 Nxc5 25. Qxd4 Nxa4 26. e3 Bf6 27. Qf4 Nb2
28. Nb5 Be5 29. Qh4 Nd3 30. Bc3 Nc5 31. Nd4 Qf7 32. Nb5 Bxc3 33. Nxc3 Ra6 34.
Qd4 Qe7 35. Nd5 Qd6 36. Rfc1 Ne6 37. Qb4 Qe5 38. Ne7 Ra8 39. Nxc8 Raxc8 40.
Qxb7 Rcd8 41. Rd1 h6 42. Bf3 Rxd1+ 43. Rxd1 Rb8 44. Qe7 Nd4 45. Qxe5 Nxf3+ 46.
Kg2 Nxe5 47. Rd5 Re8 48. h4 g6 49. Kf1 Kg7 50. Ke2 Kf6 51. Ra5 Re6 52. Ra8 Rb6
53. Ra2 g5 54. hxg5+ hxg5 55. f4 Nc4 56. Kd3 Nd6 57. fxg5+ Kxg5 58. Kd4 Ne4 59.
Ra8 Nxg3 60. Rg8+ Rg6 61. Ra8 Rg7 62. Rf8 Rd7+ 63. Ke5 Re7+ 64. Kd4 Kg4 65. Ra8
Kf3 66. Ra3 Re4+ 0-1

[Event "SK Münster 2 - SV Erkenschwick 1"]
[Site "NRW-Klasse, Gruppe 2 2016/201"]
[Date "2017.02.12"]
[Round "6.7"]
[White "Eggenstein, Frank"]
[Black "Austrup, David"]
[Result "0-1"]
[WhiteElo "1984"]
[BlackElo "1924"]
[Annotator "Daniel"]
[PlyCount "84"]
[EventDate "2017.??.??"]
[WhiteTeam "SV Erkenschwick 1"]
[BlackTeam "SK Münster 2"]

1. e4 c5 2. Nf3 d6 3. Bb5+ Bd7 4. Bxd7+ Qxd7 5. O-O Nc6 6. c3 Nf6 7. Re1 e6 8.
d4 cxd4 9. Nxd4 Be7 10. c4 O-O 11. Nc3 Rfd8 12. Bg5 Rac8 13. Qd2 h6 14. Bh4 d5
15. cxd5 exd5 16. Nf5 Nxe4 17. Nxe7+ Nxe7 18. Nxe4 dxe4 19. Qxd7 Rxd7 20. Rxe4
$11 g5 21. Bg3 f5 22. Ra4 f4 23. Bxf4 gxf4 24. Rxa7 Rc2 25. a4 Rxb2 26. a5 Ra2
27. Rb1 Nc6 28. Ra8+ Kg7 29. f3 Rxa5 30. Rxa5 Nxa5 31. Rb4 Rf7 32. Kf2 Nc6 33.
Rc4 Ne5 34. Re4 Ng6 35. Rb4 Ne5 36. Kf1 Kg6 37. Rb6+ Nc6 38. Kf2 Kf5 39. g3
fxg3+ 40. hxg3 Ke5 41. Ke3 Kd6 42. Rb5 Rxf3+ 0-1

[Event "SK Münster 2 - SV Erkenschwick 1"]
[Site "NRW-Klasse, Gruppe 2 2016/201"]
[Date "2017.02.12"]
[Round "6.8"]
[White "Kaufhold, Thomas"]
[Black "Strozewski, Frank"]
[Result "0-1"]
[WhiteElo "1992"]
[BlackElo "1935"]
[PlyCount "88"]
[EventDate "2017.??.??"]
[WhiteTeam "SK Münster 2"]
[BlackTeam "SV Erkenschwick 1"]

1. d4 d6 2. c4 g6 3. Nc3 Bg7 4. e4 Nc6 5. Be3 e5 6. d5 Nce7 7. Qd2 f5 8. f3 Nf6
9. Be2 O-O 10. O-O-O a6 11. Kb1 Bd7 12. Rc1 b5 13. cxb5 axb5 14. Bxb5 fxe4 15.
Bxd7 Qxd7 16. fxe4 Ng4 17. Nf3 Rfb8 18. Rc2 Nc8 19. Bg5 Nb6 20. Qe2 Na4 21.
Rhc1 h6 22. Bh4 g5 23. Be1 Rb7 24. b3 Nc5 25. h3 Nf6 26. Bf2 Na6 27. Ne1 Qe8
28. Nd3 Nb4 29. Rb2 Qg6 30. Be1 Nxd3 31. Qxd3 Rab8 32. Re2 Rb4 33. Bf2 h5 34.
g3 g4 35. h4 Bh6 36. Rce1 Nd7 37. Be3 Bxe3 38. Qxe3 Nc5 39. Rf2 Rd4 40. Ref1
Nxe4 41. Nxe4 Rxe4 42. Qd3 Re1+ 43. Kc2 e4 44. Qc4 e3+ 0-1

[Event "SG Niederkassel 1 - SF Gerresheim 1"]
[Site "NRW-Klasse, Gruppe 2 2016/201"]
[Date "2017.02.12"]
[Round "6.1"]
[White "Orlov, Andrey"]
[Black "Schienmann, Bruno"]
[Result "1-0"]
[WhiteElo "2444"]
[BlackElo "2266"]
[PlyCount "63"]
[EventDate "2017.??.??"]
[WhiteTeam "SF Gerresheim 1"]
[BlackTeam "SG Niederkassel 1"]

1. e4 e6 2. d4 d5 3. Nd2 c5 4. Ngf3 cxd4 5. exd5 exd5 6. Nb3 Bd6 7. Nbxd4 Nc6
8. Bb5 Nge7 9. O-O O-O 10. c3 Bg4 11. Be2 a6 12. Bg5 Qb6 13. Qd2 Rad8 14. Bh4
f6 15. Bg3 Bxg3 16. hxg3 Ng6 17. Rfe1 Rfe8 18. Rad1 Re4 19. Nxc6 bxc6 20. Bd3
Rxe1+ 21. Rxe1 c5 22. Qc2 Kf7 23. b3 Bxf3 24. gxf3 Ne5 25. Be2 d4 26. Qxh7 d3
27. f4 dxe2 28. fxe5 Rd1 29. Qh5+ Ke6 30. Qg4+ f5 31. Qc4+ Ke7 32. Qxe2 1-0

[Event "SG Niederkassel 1 - SF Gerresheim 1"]
[Site "NRW-Klasse, Gruppe 2 2016/201"]
[Date "2017.02.12"]
[Round "6.2"]
[White "Wigger, Jochen"]
[Black "Orzech, Dominik"]
[Result "1/2-1/2"]
[WhiteElo "2216"]
[BlackElo "2395"]
[PlyCount "83"]
[EventDate "2017.??.??"]
[WhiteTeam "SG Niederkassel 1"]
[BlackTeam "SF Gerresheim 1"]

1. b3 Nf6 2. Bb2 g6 3. Bxf6 exf6 4. c4 Nc6 5. Nc3 Ba3 6. g3 O-O 7. Bg2 d6 8.
Nb5 Bc5 9. a3 Re8 10. e3 Nd4 11. Nxd4 Bxd4 12. Ra2 c6 13. Ne2 Bb6 14. d4 Bf5
15. Nc3 Qd7 16. O-O h5 17. b4 h4 18. a4 a6 19. a5 Bc7 20. Rd2 Kg7 21. Re1 hxg3
22. fxg3 Rh8 23. Qf3 Bg4 24. Qf2 Rh5 25. Rf1 f5 26. e4 Rah8 27. h4 Bd8 28. Ne2
g5 29. exf5 gxh4 30. f6+ Kf8 31. gxh4 Rxh4 32. Qg3 R4h6 33. d5 c5 34. bxc5 Bxa5
35. Rb2 dxc5 36. Qb8+ Qd8 37. Rxb7 Bxe2 38. Qa7 Bxf1 39. Rxf7+ Ke8 40. Re7+ Kf8
41. Rf7+ Ke8 42. Re7+ 1/2-1/2

[Event "SG Niederkassel 1 - SF Gerresheim 1"]
[Site "NRW-Klasse, Gruppe 2 2016/201"]
[Date "2017.02.12"]
[Round "6.3"]
[White "Kooijmans, Jermo"]
[Black "Rybarczyk, Klaus"]
[Result "1-0"]
[WhiteElo "2178"]
[BlackElo "2219"]
[PlyCount "59"]
[EventDate "2017.??.??"]
[WhiteTeam "SF Gerresheim 1"]
[BlackTeam "SG Niederkassel 1"]

1. e4 c5 2. Nf3 d6 3. Bb5+ Nd7 4. d4 Ngf6 5. Nc3 cxd4 6. Qxd4 a6 7. Bxd7+ Bxd7
8. Bg5 e5 9. Qd3 h6 10. Bxf6 Qxf6 11. O-O-O Qd8 12. Kb1 Rc8 13. Nd2 Be6 14. Nf1
Rc4 15. Ne3 Rd4 16. Qe2 Be7 17. Nf5 Bxf5 18. exf5 Rf4 19. Nd5 Rxf5 20. g4 Rg5
21. Rhe1 h5 22. f4 Rxg4 23. fxe5 Rh6 24. Nf6+ Bxf6 25. exf6+ Kd7 26. Rxd6+ Kxd6
27. Rd1+ Kc7 28. Qe5+ Kc6 29. Qc3+ Kb5 30. a4+ 1-0

[Event "SG Niederkassel 1 - SF Gerresheim 1"]
[Site "NRW-Klasse, Gruppe 2 2016/201"]
[Date "2017.02.12"]
[Round "6.4"]
[White "Stanetzek, Carsten"]
[Black "Dresen, Ulrich"]
[Result "1-0"]
[WhiteElo "2132"]
[BlackElo "2164"]
[PlyCount "109"]
[EventDate "2017.??.??"]
[WhiteTeam "SG Niederkassel 1"]
[BlackTeam "SF Gerresheim 1"]

1. e4 e5 2. Nf3 Nc6 3. Bc4 Bc5 4. O-O Nf6 5. d3 O-O 6. c3 d6 7. Nbd2 a6 8. Bb3
Ba7 9. Re1 Ne7 10. Nf1 Ng6 11. Ng3 Re8 12. h3 Be6 13. d4 c6 14. Be3 h6 15. Bxe6
Rxe6 16. dxe5 Nxe5 17. Bxa7 Nxf3+ 18. Qxf3 Rxa7 19. Rad1 Qf8 20. c4 Ra8 21. Qc3
Rae8 22. f3 g6 23. Ne2 Re5 24. Nf4 Qe7 25. Qb4 g5 26. Nd3 Re6 27. Rc1 Qc7 28.
Red1 Nd7 29. Rc2 a5 30. Qc3 Qb6+ 31. Kh1 f6 32. Rcd2 Qc7 33. Nc1 Ne5 34. Ne2 c5
35. Ng3 Nf7 36. Rd5 Re5 37. R5d3 Rd8 38. Nf5 b6 39. Ne3 Rb8 40. Ng4 Kg7 41.
Nxe5 fxe5 42. g3 Re8 43. Kg2 Re6 44. Qd2 Rf6 45. b3 Kf8 46. a3 Ke7 47. b4 Nd8
48. bxa5 bxa5 49. Rb3 Kf8 50. Qd5 a4 51. Rb5 h5 52. Rdb1 g4 53. fxg4 hxg4 54.
hxg4 Qf7 55. Rb8 1-0

[Event "SG Niederkassel 1 - SF Gerresheim 1"]
[Site "NRW-Klasse, Gruppe 2 2016/201"]
[Date "2017.02.12"]
[Round "6.5"]
[White "Volkov, Mykyta"]
[Black "Broehl, Stephan"]
[Result "1/2-1/2"]
[WhiteElo "2185"]
[BlackElo "2112"]
[PlyCount "98"]
[EventDate "2017.??.??"]
[WhiteTeam "SF Gerresheim 1"]
[BlackTeam "SG Niederkassel 1"]

1. d4 d5 2. c4 c6 3. Nf3 Nf6 4. Qc2 dxc4 5. Qxc4 Bf5 6. g3 e6 7. Bg2 Nbd7 8.
O-O Be7 9. e3 O-O 10. Qe2 Qc7 11. b3 e5 12. Ba3 Bxa3 13. Nxa3 Bg4 14. Qb2 Rfe8
15. Nc4 Bxf3 16. Bxf3 exd4 17. Qxd4 Ne5 18. Nxe5 Qxe5 19. Rfd1 Qe7 20. Rac1
Red8 21. Qa4 a6 22. Qa5 Ne8 23. e4 Qc7 24. Qb4 a5 25. Qc5 Rxd1+ 26. Rxd1 Rd8
27. Rxd8 Qxd8 28. Qa7 b6 29. e5 c5 30. Qb7 Qc7 31. Qd5 g6 32. a4 Qe7 33. Bg4
Kg7 34. f4 h5 35. Bh3 Kh7 36. Kf2 Ng7 37. Qd6 Qa7 38. Bd7 c4 39. bxc4 b5+ 40.
c5 bxa4 41. Bxa4 Ne6 42. Qb6 Qe7 43. c6 Qa3 44. Qb3 Qa1 45. Qd1 Qc3 46. Qc2
Qd4+ 47. Kf1 Qd5 48. Kf2 Qd4+ 49. Kf1 Qd5 1/2-1/2

[Event "SG Niederkassel 1 - SF Gerresheim 1"]
[Site "NRW-Klasse, Gruppe 2 2016/201"]
[Date "2017.02.12"]
[Round "6.6"]
[White "Riedel, Holger"]
[Black "Van Lanen, Toon"]
[Result "0-1"]
[WhiteElo "2095"]
[BlackElo "2075"]
[PlyCount "84"]
[EventDate "2017.??.??"]
[WhiteTeam "SG Niederkassel 1"]
[BlackTeam "SF Gerresheim 1"]

1. d4 d5 2. c4 e6 3. Nc3 c5 4. cxd5 exd5 5. e4 dxe4 6. d5 f5 7. f3 Nf6 8. Bf4
Bd6 9. Bb5+ Kf7 10. Nh3 Bxf4 11. Nxf4 Qd6 12. Qd2 a6 13. Be2 Re8 14. fxe4 fxe4
15. O-O Kg8 16. a4 Bf5 17. Nd1 Nc6 18. Ne3 Nd4 19. Nc4 Qd8 20. Rad1 a5 21. Ne3
Bd7 22. Bc4 Bxa4 23. Ra1 Bb5 24. Bxb5 Nxb5 25. Qc1 b6 26. Nf5 Ra7 27. Ne6 Qxd5
28. Nf4 Qxf5 29. Qc4+ Kh8 30. Qxb5 Rae7 31. Qxb6 e3 32. Rxa5 Qe4 33. Ne2 c4 34.
Ng3 Qd3 35. Rxf6 gxf6 36. Qxf6+ Rg7 37. Rg5 Qd7 38. h4 Qf7 39. Qc6 Reg8 40.
Rxg7 Qxg7 41. Nf5 e2 42. Kf2 Qe5 0-1

[Event "SG Niederkassel 1 - SF Gerresheim 1"]
[Site "NRW-Klasse, Gruppe 2 2016/201"]
[Date "2017.02.12"]
[Round "6.7"]
[White "Selten, Jan"]
[Black "Freundlieb, Thomas"]
[Result "1-0"]
[WhiteElo "2071"]
[BlackElo "1986"]
[PlyCount "111"]
[EventDate "2017.??.??"]
[WhiteTeam "SF Gerresheim 1"]
[BlackTeam "SG Niederkassel 1"]

1. e4 d6 2. c4 g6 3. Nc3 Bg7 4. d4 a6 5. Be3 c6 6. Qd2 b5 7. Bd3 e5 8. Nge2 Nf6
9. f3 Nbd7 10. d5 cxd5 11. Nxd5 Nxd5 12. cxd5 O-O 13. O-O f5 14. Qb4 f4 15. Bf2
Nf6 16. a4 bxa4 17. Rxa4 g5 18. Qb6 Qe7 19. Rc1 Ne8 20. Bb5 g4 21. Bxe8 Qxe8
22. Rac4 gxf3 23. gxf3 Bh3 24. Kh1 Qh5 25. R4c3 Rf6 26. Ng1 Kh8 27. Nxh3 Qxh3
28. Rg1 Rg8 29. Qxa6 Rh6 30. Rg2 Bf8 31. Qf1 Rhg6 32. Rg1 Qh5 33. Rxg6 hxg6 34.
Qg2 g5 35. Qg4 Qxg4 36. fxg4 Rg7 37. b4 Rb7 38. Rb3 Rb5 39. Kg2 Be7 40. Kf3 Bd8
41. Ke2 Bc7 42. Kd3 Bb8 43. Kc4 Rb7 44. b5 Rc7+ 45. Kd3 Rh7 46. Rc3 Rh3+ 47.
Kd2 Rxh2 48. Rc8+ Kg7 49. Ke2 Rh8 50. Rxh8 Kxh8 51. b6 Kg7 52. Kd3 Kf7 53. Kc4
Ke7 54. Kb5 Kd7 55. Ka6 Kc8 56. Be1 1-0

[Event "SG Niederkassel 1 - SF Gerresheim 1"]
[Site "NRW-Klasse, Gruppe 2 2016/201"]
[Date "2017.02.12"]
[Round "6.8"]
[White "Groß, Werner"]
[Black "Liedmann, Dennis"]
[Result "0-1"]
[WhiteElo "2078"]
[BlackElo "1979"]
[PlyCount "62"]
[EventDate "2017.??.??"]
[WhiteTeam "SG Niederkassel 1"]
[BlackTeam "SF Gerresheim 1"]

1. c4 c5 2. Nc3 g6 3. g3 Nc6 4. Bg2 d6 5. e3 Bg7 6. Rb1 e6 7. a3 Nge7 8. Nge2
O-O 9. b4 cxb4 10. axb4 a5 11. b5 Ne5 12. d3 d5 13. c5 Nf5 14. Na4 h5 15. h3
Bd7 16. f4 Nxg3 17. Nxg3 Qh4 18. Kf2 d4 19. Bxb7 Rad8 20. c6 Nxd3+ 21. Kg2 dxe3
22. Qf3 Nxf4+ 23. Kf1 Bxc6 24. Bxc6 e2+ 25. Kf2 Nd3+ 26. Kxe2 Qc4 27. Qe4 Rd4
28. Nb6 Rxe4+ 29. Nxe4 Nxc1+ 30. Kd1 Qe2+ 31. Kxc1 Bh6+ 0-1

[Event "SG Niederkassel 1 - Siegener SV 1"]
[Site "NRW-Klasse, Gruppe 2 2016/201"]
[Date "2017.01.22"]
[Round "5.1"]
[White "Schischke, Reinhard"]
[Black "Schienmann, Bruno"]
[Result "1-0"]
[WhiteElo "2182"]
[BlackElo "2266"]
[Annotator "Daniel"]
[PlyCount "53"]
[EventDate "2017.??.??"]
[WhiteTeam "Siegener SV 1"]
[BlackTeam "SG Niederkassel 1"]

1. e4 e6 2. d4 d5 3. Nd2 c5 4. Ngf3 cxd4 5. Bb5+ Nc6 6. O-O Bd6 7. Re1 Nge7 8.
e5 Bc7 9. Nb3 Ng6 10. Nbxd4 Bd7 11. Bg5 Qb8 12. c4 O-O 13. cxd5 Nxd4 14. Nxd4
Bxb5 15. Nxb5 Bxe5 16. h4 $11 f6 17. h5 Ne7 18. d6 Nd5 19. Qg4 Qe8 20. Rad1 Rd8
21. Rxe5 fxe5 22. Bxd8 Rf7 23. Be7 Nxe7 24. dxe7 Qxe7 25. Nc3 Rf4 26. Qe2 Qc7
27. Qb5 1-0

[Event "SG Niederkassel 1 - Siegener SV 1"]
[Site "NRW-Klasse, Gruppe 2 2016/201"]
[Date "2017.01.22"]
[Round "5.2"]
[White "Wigger, Jochen"]
[Black "Richter, Gerald"]
[Result "1-0"]
[WhiteElo "2216"]
[BlackElo "2057"]
[PlyCount "87"]
[EventDate "2017.??.??"]
[WhiteTeam "SG Niederkassel 1"]
[BlackTeam "Siegener SV 1"]

1. b3 d5 2. Bb2 Nf6 3. e3 Bf5 4. Nf3 h6 5. d4 e6 6. Bd3 Bxd3 7. Qxd3 Nbd7 8.
Nbd2 Be7 9. e4 dxe4 10. Nxe4 c6 11. O-O O-O 12. Rfd1 Qc7 13. c4 Rad8 14. Nc3
Rfe8 15. Qc2 Qa5 16. a3 Qh5 17. Ne2 Bd6 18. Ng3 Bxg3 19. hxg3 Ng4 20. Re1 f5
21. Re2 Ndf6 22. Rae1 Kf7 23. b4 a6 24. Qa4 Re7 25. Qa5 Rdd7 26. Qc5 g5 27. a4
Qg6 28. Qb6 Ne4 29. Qa5 Nd6 30. Qc5 Ne4 31. Qb6 Nd6 32. Rc1 Ne4 33. Qa5 Kg8 34.
Ne5 Nxe5 35. Qxe5 Kf7 36. f3 Nf6 37. Kf2 Ne8 38. Qc5 Nf6 39. Rce1 Ng8 40. Qb6
Re8 41. b5 axb5 42. axb5 cxb5 43. Qxb5 Nf6 44. d5 1-0

[Event "SG Niederkassel 1 - Siegener SV 1"]
[Site "NRW-Klasse, Gruppe 2 2016/201"]
[Date "2017.01.22"]
[Round "5.3"]
[White "Bouillon, Christian"]
[Black "Rybarczyk, Klaus"]
[Result "1/2-1/2"]
[WhiteElo "2056"]
[BlackElo "2219"]
[PlyCount "119"]
[EventDate "2017.??.??"]
[WhiteTeam "Siegener SV 1"]
[BlackTeam "SG Niederkassel 1"]

1. e4 c5 2. Nc3 a6 3. a4 Nc6 4. g3 g6 5. Bg2 Bg7 6. Nge2 d6 7. O-O e6 8. d3
Nge7 9. Be3 Nd4 10. f4 O-O 11. g4 Nxe2+ 12. Qxe2 Rb8 13. Qf2 f5 14. gxf5 gxf5
15. e5 b6 16. d4 cxd4 17. Bxd4 dxe5 18. fxe5 Ng6 19. Rae1 Kh8 20. Re2 Nh4 21.
Qf4 Ng6 22. Qf2 Bh6 23. Be3 f4 24. Bc1 Rg8 25. Kh1 Qc7 26. Qd4 Bb7 27. Bxb7
Qxb7+ 28. Qe4 Qc7 29. Rf3 Nh4 30. Rf1 Rg4 31. Ref2 Rf8 32. Ne2 Nf5 33. Bxf4
Bxf4 34. Rxf4 Rxf4 35. Rxf4 Rd8 36. Rf1 Rd5 37. Nf4 Qxe5 38. Qxe5+ Rxe5 39.
Nxe6 Rxe6 40. Rxf5 Re2 41. Rf6 Rxc2 42. Rxb6 a5 43. b4 axb4 44. Rxb4 Ra2 45. h4
Kg7 46. Rf4 Kg6 47. Kg1 h5 48. Kf1 Kh6 49. Ke1 Kh7 50. Kd1 Kg7 51. Kc1 Kh6 52.
Kb1 Rg2 53. a5 Rg4 54. Rf2 Rxh4 55. a6 Re4 56. a7 Re8 57. Ra2 Ra8 58. Kc1 Kg5
59. Kd1 Kg4 60. Ke2 1/2-1/2

[Event "SG Niederkassel 1 - Siegener SV 1"]
[Site "NRW-Klasse, Gruppe 2 2016/201"]
[Date "2017.01.22"]
[Round "5.4"]
[White "Stanetzek, Carsten"]
[Black "Guehne, Otfried"]
[Result "1/2-1/2"]
[WhiteElo "2132"]
[BlackElo "1992"]
[PlyCount "81"]
[EventDate "2017.??.??"]
[WhiteTeam "SG Niederkassel 1"]
[BlackTeam "Siegener SV 1"]

1. e4 e5 2. Nf3 Nc6 3. Bc4 Bc5 4. O-O Nf6 5. d3 d6 6. c3 O-O 7. Bb3 Bg4 8. h3
Be6 9. Re1 Bxb3 10. Qxb3 Bb6 11. Nbd2 Re8 12. Nc4 h6 13. a4 d5 14. Nxb6 axb6
15. Qc2 b5 16. Bd2 bxa4 17. Rxa4 Rxa4 18. Qxa4 dxe4 19. dxe4 Qd3 20. Bc1 Rd8
21. Qb3 b6 22. Qa4 Rd6 23. Qa8+ Kh7 24. Qa2 Nxe4 25. Qxf7 Rf6 26. Qh5 Nxf2 27.
Ng5+ Kg8 28. Qe8+ Rf8 29. Qe6+ Kh8 30. Nf7+ Kh7 31. Be3 Ne4 32. Bxh6 Nd6 33.
Nxd6 cxd6 34. Be3 Rf6 35. Qe8 d5 36. Qh5+ Kg8 37. Bxb6 Qb5 38. Qe8+ Kh7 39.
Qh5+ Kg8 40. Qe8+ Kh7 41. Qh5+ 1/2-1/2

[Event "SG Niederkassel 1 - Siegener SV 1"]
[Site "NRW-Klasse, Gruppe 2 2016/201"]
[Date "2017.01.22"]
[Round "5.5"]
[White "Schmidt, Matthias"]
[Black "Broehl, Stephan"]
[Result "0-1"]
[WhiteElo "1881"]
[BlackElo "2112"]
[PlyCount "136"]
[EventDate "2017.??.??"]
[WhiteTeam "Siegener SV 1"]
[BlackTeam "SG Niederkassel 1"]

1. e4 c6 2. d4 d5 3. e5 Bf5 4. Nf3 e6 5. Be2 Nd7 6. O-O Bg6 7. c4 dxc4 8. Bxc4
Ne7 9. Nc3 Nb6 10. Be2 Nf5 11. a4 a5 12. Be3 Be7 13. Qd2 O-O 14. Rfd1 Nd5 15.
Bf4 Bb4 16. Rac1 Nb6 17. Ra1 Rc8 18. Bg5 Be7 19. Bf4 Nd5 20. Rac1 Bh5 21. Nxd5
Qxd5 22. h3 Bb4 23. Qd3 Bg6 24. Qc4 Ne7 25. Bg5 h6 26. Bxe7 Bxe7 27. Qxd5 cxd5
28. Bb5 Rfd8 29. g3 Kf8 30. Ne1 Bh5 31. g4 Bg6 32. f4 Bh4 33. Ng2 Bg3 34. Rf1
Be4 35. f5 Ke7 36. f6+ gxf6 37. exf6+ Kd6 38. Rc3 Rxc3 39. bxc3 Rc8 40. Rc1 e5
41. dxe5+ Bxe5 42. c4 Bxf6 43. Rd1 d4 44. Nf4 Be5 45. Nd3 f6 46. Kf2 Bc6 47.
c5+ Kd5 48. Rb1 h5 49. Kf3 hxg4+ 50. hxg4 Rh8 51. Bxc6+ bxc6 52. Nf2 Kxc5 53.
Ke4 Rh2 54. Rc1+ Kd6 55. Nd3 Re2+ 56. Kf5 Re3 57. Nc5 Kd5 58. Nd7 Rf3+ 59. Kg6
d3 60. g5 d2 61. Rd1 Bc3 62. Nxf6+ Kd4 63. Kh5 Kd3 64. Kg4 Rxf6 65. gxf6 Ke2
66. f7 Bb4 67. Rb1 d1=Q 68. Rxb4 Qd7+ 0-1

[Event "SG Niederkassel 1 - Siegener SV 1"]
[Site "NRW-Klasse, Gruppe 2 2016/201"]
[Date "2017.01.22"]
[Round "5.6"]
[White "Riedel, Holger"]
[Black "Lindner, Torsten"]
[Result "1-0"]
[WhiteElo "2095"]
[BlackElo "1903"]
[Annotator "Daniel"]
[PlyCount "75"]
[EventDate "2017.??.??"]
[WhiteTeam "SG Niederkassel 1"]
[BlackTeam "Siegener SV 1"]

1. a3 Nf6 2. e3 g6 3. b4 Bg7 4. Bb2 O-O 5. Nf3 d5 6. c4 c6 7. Qc2 Bf5 8. d3
dxc4 9. Qxc4 Nbd7 10. e4 Bg4 11. Ng5 Nb6 12. Qb3 h6 13. Nf3 Bxf3 14. gxf3 Qc7
15. Nd2 e6 16. Rc1 Qf4 17. d4 Rfd8 18. Qe3 Qh4 19. Nb3 Nfd7 20. Na5 Rab8 21. f4
h5 22. Qg3 Qe7 23. Be2 Kh7 24. Rg1 Bh6 25. Rc2 Qf6 26. f5 exf5 27. d5 Qe7 28.
exf5 Rg8 29. Qf3 Nxd5 30. Rxc6 bxc6 31. Nxc6 Qe8 32. Nxb8 Nxb8 33. Qxd5 Nc6 $11
34. fxg6+ fxg6 35. Kf1 Bg7 36. Bxg7 Rxg7 37. Bb5 Ne7 38. Qxh5+ 1-0

[Event "SG Niederkassel 1 - Siegener SV 1"]
[Site "NRW-Klasse, Gruppe 2 2016/201"]
[Date "2017.01.22"]
[Round "5.7"]
[White "Doehner, Hans-Juergen"]
[Black "Freundlieb, Thomas"]
[Result "0-1"]
[WhiteElo "1835"]
[BlackElo "1986"]
[PlyCount "64"]
[EventDate "2017.??.??"]
[WhiteTeam "Siegener SV 1"]
[BlackTeam "SG Niederkassel 1"]

1. e4 d6 2. d4 Nf6 3. Nc3 Nbd7 4. Nf3 e5 5. d5 Be7 6. Be2 O-O 7. O-O c6 8. dxc6
bxc6 9. b3 Bb7 10. Re1 d5 11. exd5 cxd5 12. Bb2 Rc8 13. Na4 Bd6 14. c4 d4 15.
Nd2 Re8 16. a3 a5 17. f3 Bc6 18. Bd3 Bxa4 19. bxa4 Nc5 20. Qc2 Rb8 21. Reb1 Qd7
22. Bc1 Qxa4 23. Qxa4 Nxa4 24. Rb5 Bc7 25. Nb3 Nc3 26. Rxb8 Rxb8 27. Nc5 Bd6
28. Na6 Rc8 29. Bd2 Rc6 30. Bxc3 dxc3 31. Rc1 Rxa6 32. c5 Bxc5+ 0-1

[Event "SG Niederkassel 1 - Siegener SV 1"]
[Site "NRW-Klasse, Gruppe 2 2016/201"]
[Date "2017.01.22"]
[Round "5.8"]
[White "Groß, Werner"]
[Black "Pramann, Juergen"]
[Result "1-0"]
[WhiteElo "2078"]
[BlackElo "1767"]
[PlyCount "57"]
[EventDate "2017.??.??"]
[WhiteTeam "SG Niederkassel 1"]
[BlackTeam "Siegener SV 1"]

1. c4 e6 2. Nf3 d5 3. g3 c6 4. b3 Nf6 5. Bg2 Bd6 6. Bb2 Nbd7 7. O-O e5 8. d3
O-O 9. e3 Re8 10. Nbd2 h6 11. Rc1 Nf8 12. h3 Ng6 13. Qe2 Be6 14. Rfd1 Qd7 15.
Kh2 Rad8 16. d4 Bf5 17. cxd5 cxd5 18. dxe5 Nxe5 19. Nxe5 Bxe5 20. Bxe5 Rxe5 21.
Nc4 Re6 22. Bxd5 Nxd5 23. Rd4 b5 24. Nb2 Bxh3 25. Rcd1 Re5 26. Nd3 Rg5 27. Nf4
Nxf4 28. Rxd7 Rxd7 29. exf4 1-0

[Event "SF Gerresheim 1 - SK MÃ¼nster 2"]
[Site "NRW-Klasse, Gruppe 2 2016/201"]
[Date "2017.01.22"]
[Round "5.1"]
[White "Wieder, Heiner"]
[Black "Orlov, Andrey"]
[Result "0-1"]
[WhiteElo "2105"]
[BlackElo "2444"]
[Annotator "Daniel"]
[PlyCount "116"]
[EventDate "2017.??.??"]
[WhiteTeam "SK MÃ¼nster 2"]
[BlackTeam "SF Gerresheim 1"]

1. e4 c5 2. Nf3 a6 3. d4 cxd4 4. Nxd4 e5 5. Nb3 Nf6 6. Bg5 h6 7. Bh4 Nc6 8. Bc4
Bb4+ 9. c3 Be7 10. a4 d6 11. Bxf6 Bxf6 12. Na3 O-O 13. Qd3 Be7 14. Nc2 g6 15.
Ne3 Kg7 16. O-O f5 17. f3 Bg5 18. Nd5 Be6 19. Kh1 Rc8 20. a5 Qe8 21. Nb6 Rd8
22. Bxe6 Qxe6 23. Nd5 Ne7 24. c4 Nxd5 25. exd5 Qd7 26. Nd2 Qc7 27. b3 Qc5 28.
g3 Rc8 29. Ra2 Rfe8 30. b4 Qxb4 31. Rb1 Qc5 32. Rxb7+ $11 Re7 33. Rxe7+ Bxe7
34. g4 fxg4 35. fxg4 Qf2 36. Rc2 Rf8 37. Ne4 Qe1+ 38. Kg2 Rf4 39. Nf2 Bh4 40.
Qf1 Bxf2 41. Rxf2 Rxg4+ 42. Kh3 Qxf1+ 43. Rxf1 Rxc4 44. Rb1 Rc5 45. Rb6 Rxd5
46. Rxa6 Kf6 47. Kg3 Kf5 48. Ra8 Rd3+ 49. Kg2 Ra3 50. a6 Ke4 51. a7 d5 52. Rg8
Rxa7 53. Rxg6 Ke3 54. Rxh6 e4 55. Kf1 d4 56. Rh3+ Kd2 57. Rh4 Rf7+ 58. Kg2 Kd3
0-1